Clinical psychology : an introduction to research and practice /

Bibliographic Details
Main Author: Sundberg, Norman D.
Other Authors: Tyler, Leona E. (Leona Elizabeth), 1906-1993
Format: Book
Language:English
Published: New York : Appleton-Century-Crofts, [1962]
Series:Century psychology series.
Subjects:

MARC

Tag First Indicator Second Indicator Subfields
LEADER 00000cam a2200000 4500
001 in00000038454
005 20200125063148.0
008 711222s1962 eng u
010 |a  62016908  
035 |a (OCoLC)00186427 
035 |9 AAF5809AM 
040 |c CSU  |d OCL  |d TXA  |d UtOrBLW 
049 |a TXAM  |c [353391] 
090 |a RC467  |b .S86 
092 |a 132.075  |b S957c 
100 1 |a Sundberg, Norman D. 
245 1 0 |a Clinical psychology :  |b an introduction to research and practice /  |c [by] Norman D. Sundberg [and] Leona E. Tyler. 
264 1 |a New York :  |b Appleton-Century-Crofts,  |c [1962] 
300 |a 564p :  |b illustrations ;  |c 24cm. 
336 |a text  |b txt  |2 rdacontent 
337 |a unmediated  |b n  |2 rdamedia 
338 |a volume  |b nc  |2 rdacarrier 
490 1 |a Century psychology series 
504 |a Includes bibliography. 
650 0 |a Clinical psychology. 
700 1 |a Tyler, Leona E.  |q (Leona Elizabeth),  |d 1906-1993. 
830 0 |a Century psychology series. 
999 |a MARS 
999 f f |s 5db25b0b-5110-36e9-83cf-5939cbfad36b  |i 53114046-4351-391c-b324-0ab6f17a216b  |t 0 
952 f f |p ric  |a Texas A&M University  |b Rellis Campus  |c Joint Library Facility  |d Remote Storage  |t 0  |e RC467 .S86  |h Library of Congress classification  |i unmediated -- volume  |m A14800511618 
998 f f |a RC467 .S86  |t 0  |l Remote Storage